| 000 -CABECERA |
| campo de control de longitud fija |
00820nam a2200229 4500 |
| 005 - FECHA Y HORA DE LA ÚLTIMA TRANSACCIÓN |
| campo de control |
20210816170455.0 |
| 008 - DATOS DE LONGITUD FIJA--INFORMACIÓN GENERAL |
| campo de control de longitud fija |
210816s1993 pe db||fr|||| 001 0 spa d |
| 040 ## - FUENTE DE LA CATALOGACIÓN |
| Centro catalogador/agencia de origen |
CENDOC CAAAP |
| Lengua de catalogación |
spa |
| Centro/agencia transcriptor |
CAAAP |
| 041 ## - CÓDIGO DE LENGUA |
| Código de lengua del texto/banda sonora o título independiente |
spa |
| 050 ## - SIGNATURA TOPOGRÁFICA DE LA BIBLIOTECA DEL CONGRESO |
| Número de clasificación |
HA 1068.RN |
| Número de documento/Ítem |
P45 1993 |
| 245 ## - MENCIÓN DE TÍTULO |
| Título |
Censos nacionales 1993 : |
| Subtitulo |
región Nor Oriental del Marañón. Resultados del censo de población (estadística preliminar) |
| 250 ## - MENCIÓN DE EDICIÓN |
| Mención de edición |
1ra ed. |
| 260 ## - PUBLICACIÓN, DISTRIBUCIÓN, ETC. |
| Lugar de publicación, distribución, etc. |
Lima: |
| Nombre del editor, distribuidor, etc. |
INEI, |
| Fecha de publicación, distribución, etc. |
1993 |
| 300 ## - DESCRIPCIÓN FÍSICA |
| Extensión |
121 p.: |
| Otras características físicas |
ilustraciones, mapas ; |
| Dimensiones |
29 cm. |
| 490 ## - MENCIÓN DE SERIE |
| Mención de serie |
(Estadística Censal Regional ; |
| Volumen |
1) |
| 505 ## - NOTA DE CONTENIDO CON FORMATO |
| Nota de contenido con formato |
Contiene: Análisis de resultados preliminares --Resumen estadístico regional -- Anexos. |
| 650 10 - PUNTO DE ACCESO ADICIONAL DE MATERIA--TÉRMINO DE MATERIA |
| 9 (RLIN) |
1407 |
| Término de materia o nombre geográfico como elemento de entrada |
Censos |
| 650 20 - PUNTO DE ACCESO ADICIONAL DE MATERIA--TÉRMINO DE MATERIA |
| 9 (RLIN) |
3296 |
| Término de materia o nombre geográfico como elemento de entrada |
Población |
| 650 20 - PUNTO DE ACCESO ADICIONAL DE MATERIA--TÉRMINO DE MATERIA |
| 9 (RLIN) |
3768 |
| Término de materia o nombre geográfico como elemento de entrada |
Vivienda |
| 651 #0 - PUNTO DE ACCESO ADICIONAL DE MATERIA--NOMBRE GEOGRÁFICO |
| 9 (RLIN) |
1863 |
| Nombre geográfico |
Río Marañón |
| Subdivisión geográfica |
Perú |
| 942 ## - ELEMENTOS PERSONALIZADOS KOHA |
| Fuente del sistema de clasificación o colocación |
|
| Fecha de catalogación |
16 - 08 - 21 |
| Tipo de ítem Koha |
Libros |